|
|
|
|
| LEADER |
03242nam a22003973i 4500 |
| 001 |
EBC30686280 |
| 003 |
MiAaPQ |
| 005 |
20231204023231.0 |
| 006 |
m o d | |
| 007 |
cr cnu|||||||| |
| 008 |
231204s2007 xx o ||||0 ger d |
| 020 |
|
|
|a 9783631755945
|q (electronic bk.)
|
| 020 |
|
|
|z 9783631563342
|
| 035 |
|
|
|a (MiAaPQ)EBC30686280
|
| 035 |
|
|
|a (Au-PeEL)EBL30686280
|
| 035 |
|
|
|a (OCoLC)1397570895
|
| 040 |
|
|
|a MiAaPQ
|b eng
|e rda
|e pn
|c MiAaPQ
|d MiAaPQ
|
| 100 |
1 |
|
|a Knabner, Klaus.
|
| 245 |
1 |
0 |
|a Qualitaet und Nutzen Medizinischer Leistungen :
|b 10. Bad Orber Gespraeche, 10. -12. November 2005.
|
| 250 |
|
|
|a 1st ed.
|
| 264 |
|
1 |
|a Frankfurt a.M. :
|b Peter Lang GmbH, Internationaler Verlag der Wissenschaften,
|c 2007.
|
| 264 |
|
4 |
|c ©2007.
|
| 300 |
|
|
|a 1 online resource (178 pages)
|
| 336 |
|
|
|a text
|b txt
|2 rdacontent
|
| 337 |
|
|
|a computer
|b c
|2 rdamedia
|
| 338 |
|
|
|a online resource
|b cr
|2 rdacarrier
|
| 490 |
1 |
|
|a Allokation Im Marktwirtschaftlichen System Series ;
|v v.55
|
| 505 |
0 |
|
|a Cover -- Manfred Albring: Vorwort -- Klaus Knabner: Begrüßung -- Eberhard Wille: Die GKV zwischen staatlicher Steuerung, korporativer Koordination und Marktelementen -- Rainer Hess: Der Gemeinsame Bundesausschuss: Zwischenbilanz und Perspektiven -- Jörg-Dietrich Hoppe: Der Leistungskatalog der GKV aus medizinisch-ethischer Sicht -- Themenkreis 1 -- Gerhard Schulte: Zur Abgrenzung des Leistungskatalogs der GKV -- Ingwer Ebsen: Die Kompetenzen des Gemeinsamen Bundesausschusses aus verfassungsrechtlicher Sicht -- Christian Koenig: Die Kompetenzen des Gemeinsamen Bundesausschusses aus staatsrechtlicher Sicht unter besonderer Berücksichtigung des europäischen Gemeinschaftsrechts -- Heiner Raspe: Qualitäts- und Nutzenbewertung von Untersuchungs- und Behandlungsmethoden aus medizinischer Sicht -- J.-Matthias Graf von der Schulenburg: Qualitäts- und Nutzenbewertung aus ökonomischer Sicht -- Themenkreis 2 -- Alfred Holzgreve: Qualitätswettbewerb in der Medizin -- Susanne Renzewitz: Wettbewerbsbeziehungen zwischen Krankenhäusern und Vertragsärzten -- Andreas Köhler: Wettbewerbsbeziehungen zwischen Krankenhäusern und Vertragsärzte -- Themenkreis 3 -- Dieter Cassel: Zur Problematik einer zentralen Qualitäts- und Nutzenbewertung bei Arzneimitteln -- Jürgen Bausch: Die Bewertung des therapeutischen Zusatznutens -- Heinz-Werner Meier: Nutzenbewertung von Arzneimitteln - Forderungen der Industrie -- Verzeichnis der Teilnehmer -- Verzeichnis der Referenten.
|
| 588 |
|
|
|a Description based on publisher supplied metadata and other sources.
|
| 590 |
|
|
|a Electronic reproduction. Ann Arbor, Michigan : ProQuest Ebook Central, 2023. Available via World Wide Web. Access may be limited to ProQuest Ebook Central affiliated libraries.
|
| 655 |
|
4 |
|a Electronic books.
|
| 700 |
1 |
|
|a Wille, Eberhard.
|
| 776 |
0 |
8 |
|i Print version:
|a Knabner, Klaus
|t Qualitaet und Nutzen Medizinischer Leistungen
|d Frankfurt a.M. : Peter Lang GmbH, Internationaler Verlag der Wissenschaften,c2007
|z 9783631563342
|
| 797 |
2 |
|
|a ProQuest (Firm)
|
| 830 |
|
0 |
|a Allokation Im Marktwirtschaftlichen System Series
|
| 856 |
4 |
0 |
|u https://ebookcentral.proquest.com/lib/matrademy/detail.action?docID=30686280
|z Click to View
|